000
00318nam a22001337a 4500
003
SGT
082
_a
340,ICR
100
_a
ICRC
245
_a
PROFESSIONAL STANDARDS FOR PROTECTION WORK
260
_a
NEW DELHI
_b
ICRC
_c
2013
300
_a
114
650
_a
PROFESSIONAL STANDARDS FOR PROTECTION WORK
942
_2
ddc
_c
BK
999
_c
11073
_d
11073